Goodbye, my regiment / (Record no. 124203)

MARC details
000 -LEADER
fixed length control field 00663nam a22002177a 4500
005 - DATE AND TIME OF LATEST TRANSACTION
control field 20170124105936.0
010 ## - LIBRARY OF CONGRESS CONTROL NUMBER
LC control number A-517121
020 ## - INTERNATIONAL STANDARD BOOK NUMBER
Terms of availability 00.00
035 ## - SYSTEM CONTROL NUMBER
System control number A-517121
037 ## - SOURCE OF ACQUISITION
Source of stock number/acquisition Cen Lib/Ret
040 ## - CATALOGING SOURCE
Original cataloging agency DPL
Language of cataloging EN
082 ## - DEWEY DECIMAL CLASSIFICATION NUMBER
Classification number 355.092
Item number CHA
100 ## - MAIN ENTRY--PERSONAL NAME
Personal name Chakhasang, Theyiezelie
9 (RLIN) 9775
245 ## - TITLE STATEMENT
Title Goodbye, my regiment /
Statement of responsibility, etc by Thetiezelie Chakhesang
260 ## - PUBLICATION, DISTRIBUTION, ETC. (IMPRINT)
Place of publication, distribution, etc New Delhi
Name of publisher, distributor, etc Lancer Books
Date of publication, distribution, etc 1985
270 ## - ADDRESS
Address Post Box 4236
City New Delhi
Postal code 110048
300 ## - PHYSICAL DESCRIPTION
Extent 160p.
Dimensions 21cm(Hb)
650 ## - SUBJECT ADDED ENTRY--TOPICAL TERM
Topical term or geographic name as entry element Soldiers -- India -- Biography.
9 (RLIN) 9776
650 ## - SUBJECT ADDED ENTRY--TOPICAL TERM
Topical term or geographic name as entry element India. -- Army. -- Kumaon Regiment -- Biography.
9 (RLIN) 9777
942 ## - ADDED ENTRY ELEMENTS (KOHA)
Source of classification or shelving scheme Dewey Decimal Classification
Koha item type English Books
Classification part 355.092
Call number suffix CHA
Holdings
Withdrawn status Lost status Damaged status Not for loan Home library Current library Date acquired Source of acquisition Cost, normal purchase price Total Checkouts Full call number Barcode Date last seen Copy number Cost, replacement price Price effective from Koha item type Public note
Written off       Central Library Central Library 15/06/2015 Cen Lib/Ret 0.00   355.092 CHA A-517121 15/06/2015 1 0.00 15/06/2015 English Books Written off on approval by DLB (By Circulation); dtd 15-06-2023

© Delhi Public Library
Hit Counter
free hit counter